1149 1250 1561 1104 1507 1665 1821 1634 1624 1063 1599 1393 1377 1443 1987 1295 1903 1145 1090 1209 1575 1030 1589 1052 1435 1033 1613 1963 1303 1736 1880 1426 1578 1246 1821 1265 1329 1791 1960 1131 1961 1429 1593 1564 1798 1185 1332 1460 1182 1577 1161 1399 1137 1409 1034 1492 1705 1568 1313 1192 1432 1789 1990 1673 1956 1175 1091 1607 1765 1325 1556 1794 1738 1558 1494 1162 1128 1689 1200 1290 1611 1272 1039 1931 1896 1603 1072 1712 1759 1862 1019 1177 1976 1266 1228 1331 1022 1542 1483 BCNSPRNW ULIB Ver.6.0+V

เปลี่ยนเป็นภาษาไทย

Change to English
 แสดงรายละเอียดบรรณานุกรม
  กลับหน้าหลัก

Brief Record : Get Marc (ISO 2709) : E-mail record : QR code < ปิดหน้าต่าง
LEADER : 00000nam 2200000uu 4500
001    13399112209
003     ULIB
008    110801s2554||||th 000 0 tha d
024    9786165010085
090    นว.^bป111ส 2554
100 0  ป.ศิลา
245 00 สะดุดรักที่พักกอง^c ป.ศิลา
260    กรุงเทพฯ:^bPrincess, ^c2554.
300    384 หน้า
945    ^p240^l0^i18463
995    เกษร
999 ^a ใช้งานได้ทุกระบบ
รายการนี้ยังไม่มีแท็ก
คุณยังไม่ได้ล็อกอิน คุณสามารถมีกิจกรรมร่วมกับเว็บไซต์ได้ แต่ต้องล็อกอินก่อน ::
  ล็อกอิน

รายการสื่อสารสนเทศ

ลำดับที่ ประเภท เลขเรียก/บาร์โค้ด สถานที่ สถานะ
1. วิทยาศาสตร์การแพทย์ และสุขภาพ
วิทยาศาสตร์การแพทย์ และสุขภาพ
นว. ป111ส 2554  
  Barcode: 18463
ห้องสมุดวิทยาเขตสวรรค์ประชารักษ์
►นวนิยาย
บนชั้น
  ขอยืม

รายการใกล้เคียง
    ผู้แต่ง [ป.ศิลา]

BibComment


ยังไม่เคยถูกคอมเมนท์

คอมเมนท์ทรัพยากรรายการนี้
  คอมเมนท์: สะดุดรักที่พักกอง..


 Copyright 2026. Bcnsprnw @Library